| Поле | Инд. | ПП | Название | Значение |
|---|---|---|---|---|
| Тип записи | a | |||
| Библиографический уровень | b | |||
| 001 | Контрольный номер | RU/IS/BASE/160848202 | ||
| 005 | Дата корректировки | 20200522190708.0 | ||
| 084 | a | Индекс другой классификации/Индекс ББК | 87.3(4Вел)4 | |
| a | Индекс другой классификации/Индекс ББК | 87.704 | ||
| a | Индекс другой классификации/Индекс ББК | 88.1(4Вел)5-2 | ||
| a | Индекс другой классификации/Индекс ББК | 88.33 | ||
| 100 | 1_ | a | Автор | Куличенко Л. А. |
| 245 | 10 | a | Заглавие | Моральное чувство как основа формирования характера в философии Э. Шефтсбери |
| 504 | a | Библиография | Библиогр.: с. 81 | |
| 600 | 14 | a | Персоналии | Шефтсбери Антони Эшли Купер |
| 650 | 04 | a | Основная рубрика | индивидуальная этика |
| a | Основная рубрика | история психологии | ||
| a | Основная рубрика | история философии | ||
| a | Основная рубрика | общая психология | ||
| a | Основная рубрика | психические свойства личности | ||
| a | Основная рубрика | психология | ||
| a | Основная рубрика | психология личности | ||
| a | Основная рубрика | философские науки | ||
| 653 | 0_ | a | Ключевые слова | XVII век |
| a | Ключевые слова | Великобритания | ||
| a | Ключевые слова | личность | ||
| a | Ключевые слова | моральное чувство | ||
| a | Ключевые слова | нравственное чувство | ||
| a | Ключевые слова | сенсуалистская этика | ||
| a | Ключевые слова | характер | ||
| a | Ключевые слова | характерология | ||
| 773 | 18 | t | Заглавие источника | Вестник Московского университета. Серия 14, Психология |
| d | Дата издания источника | 2001 | ||
| g | Прочая информация | № 2. - С. 78 - 81 | ||
| w | Контрольный № источника | RU/IS/BASE/134576359 | ||
| 901 | t | Тип документа | b |